000 nam a22 7a 4500
999 _c48183
_d48183
003 OSt
005 20190705144321.0
008 190705b xxu||||| |||| 00| 0 eng d
040 _cSEROSOFT
100 _aRAM KUMAR GUPTA
245 _aMENTAL HEALTH NURSINGH (HINDI)
300 _a407
942 _2ddc
_c01